• 首页
  • 本馆介绍
  • 公告通知
  • 最新文献
  • 馆藏检索
  • 电子资源
  • 读者导购
  • 参考咨询
  • 我的图书馆
  • 登录
  • 详细信息显示
  • 放入我的书架
  • 预约/预借图书
  • 作者相关作品
  • 分类相关作品
  • 丛书相关作品
  • 出版社相关作品

书目信息

  • 表格格式
  • 工作单格式
  • 卡片格式
题名:
健身拉力器实用指南
    
 
作者: 周婷婷 著
分册:  
出版信息: 天津   天津科学技术出版社  2020.4
页数: 254页
开本: 21cm
丛书名:
单 册:
中图分类: G835.9
科图分类:
主题词: 拉力器--健身运动--指南
电子资源:
ISBN: 978-7-5576-7719-0
000 00890nam0 2200229 45
001 490178
005 20140817203858.0
010    @a978-7-5576-7719-0@dCNY45.00
100    @a20200807d2020 em y0chiy0110 ea
101 0  @achi
102    @aCN@b120000
105    @aa z 000yy
106    @ar
200 1  @a健身拉力器实用指南@Ajian shen la li qi shi yong zhi nan@f周婷婷著
210    @a天津@c天津科学技术出版社@d2020.4
215    @a254页@c图@d21cm
330    @a本书将最新的运动训练理论和健美、形体、舍宾等不同建身运动的理念、技巧和方法,以及多年健身教练的实践经验进行了融会、概括和总结,并且精选了简单有效的拉力器练习动作,编制出不同水平的训练教程,为读者介绍一种简便有效的健身方法,同时为其他研究者提供参考和借鉴。
606 0  @a拉力器@x健身运动@j指南
690    @aG835.9@v5
701  0 @a周婷婷@Azhou ting ting@4著
801    @aCN@b江苏凤凰@c20211018
905    @b1355939-42@dG835.9@e244@f4
    
    健身拉力器实用指南/周婷婷著.-天津:天津科学技术出版社,2020.4
    254页:图;21cm
    
    
    ISBN 978-7-5576-7719-0:CNY45.00
    本书将最新的运动训练理论和健美、形体、舍宾等不同建身运动的理念、技巧和方法,以及多年健身教练的实践经验进行了融会、概括和总结,并且精选了简单有效的拉力器练习动作,编制出不同水平的训练教程,为读者介绍一种简便有效的健身方法,同时为其他研究者提供参考和借鉴。
●
相关链接 在E读中查询图书 在五车中查询图书 在当当中查询图书 在豆瓣中查询图书


正题名:健身拉力器实用指南     索取号:G835.9/244         预约/预借

序号 登录号 条形码 馆藏地/架位号 状态 备注
1 1355939   213559399   第一样本阅览室/ [索取号:G835.9/244] 在馆    
2 1355940   213559406   第四借阅区/ [索取号:G835.9/244] 在馆    
3 1355941   213559415   第四借阅区/ [索取号:G835.9/244] 在馆    
4 1355942   213559424   第四借阅区/ [索取号:G835.9/244] 在馆    
唐山师范学院图书馆 欢迎您!
大连网信软件有限公司© 版权所有